Moisture stress tolerance of seraya (shorea curtisii) and othe selected hill dipterocarp forest (HDF) species

Bibliographic Details
Main Author: Zahari bin Haji Ismail
Format: Book
Published: Serdang, Selangor : Universiti Pertanian Malaysia , 1994
Subjects:

MARC

LEADER 00000cam a2200000 7i4500
001 0000003848
005 20110722.0
090 0 0 |a R THE 634.95   |b ZAHA 1994 
100 0 0 |a Zahari bin Haji Ismail 
245 0 0 |a Moisture stress tolerance of seraya (shorea curtisii) and othe selected hill dipterocarp forest (HDF) species   |c by Zahari bin Haji Ismail 
260 0 0 |a Serdang, Selangor :   |b Universiti Pertanian Malaysia ,   |c 1994 
300 |a xi, 63 p. :   |b .ill ;   |c 30 cm. 
500 0 0 |a Bibliography : p. 57-60 
500 0 0 |a Thesis: Bac. of Forestry Science, Universiti Pertanian Malaysia (1994) 
650 0 0 |a Hill dipterocarp forest 
998 |a JPSM 
999 |a 005603   |b Thesis   |c Reference   |e Default branch